Colli di Roma in 30 secondi - Statistics

Statistiche generali
  • Questo quiz è stato fatto 39 volte
  • Il punteggio medio è 5 su 7
Statistiche sulle risposte
Risposta % Corretto
6 Quirinale
94%
4 Esquilino
84%
1 Aventino
78%
5 Palatino
78%
7 Viminale
75%
2 Campidoglio
66%
3 Celio
66%
Nessun quiz corrispondente trovato
Distribuzione punteggi
Percentuale di utenti per punteggio
Percentile per numero di risposta
I tuoi punteggi nel tempo
Non hai fatto questo quiz